Statistiques concernant Provinces et territoires du Canada par abréviation

Cliquez ici pour prendre le quiz!

Statistiques générales

  • Ce quiz a été pris 1 957 fois
  • Le résultat moyen est 6 sur 13

Réponses sur la Carte

Les réponses sont colorées sur une échelle allant du rouge au vert en fonction du pourcentage des utilisateurs qui les ont devinées à leur premier essai. Vous pouvez retrouver ces pourcentages ci-dessous.
 

Statistiques - réponses

AbréviationProvince ou territoire% Correct
QCQuébec
89%
ONOntario
76%
ABAlberta
63%
SKSaskatchewan
52%
BCColombie-Britannique
51%
NUNunavut
45%
NBNouveau-Brunswick
41%
PEÎle-du-Prince-Édouard
39%
MBManitoba
38%
NSNouvelle-Écosse
35%
NTTerritoires du Nord-Ouest
33%
NL
Terre-Neuve-
et-Labrador
25%
YTYukon
14%

Distribution des résultats

Percentile par nombre de réponses

% des personnes avec chaque résultat

Votre développement - résultats

Vous n’avez pas pris ce quiz